Представление документа в формате RUSMARC

ПолеНазваниеЗначение
  Тип записи a
  Библиографический уровень m
001 Контрольный номер RU/SLIB/B/208707989
005 Дата корректировки 20241106102753.3
010 Индекс ISBN __
d Цена 38-16
101 Язык документа 0_
a Язык текста rus
c Язык оригинала rus
200 Заглавие и сведения об ответственности 1_
a Заглавие Христианство
e Сведения, относящиеся к заглавию энцикл. слов.
f Первые сведения об ответственности редкол.: С. С. Аверинцев (гл. ред.) [и др.]
b Общее обозначение материала Текст
h Номер части Т. 1
i Наименование части А-К
210 Выходные данные 1_
a Место издания М.
c Издательство Большая Рос. энцикл.
d Дата издания 1993
215 Физическое описание __
a Объем 863 с.
606 Тематические рубрики __
a Основная рубрика Религия. Мистика. Свободомыслие
606 Тематические рубрики __
a Основная рубрика Христианство в целом
610 Ключевые слова 0_
a Ключевые слова христиане; вера; религиозные термины; религиозные понятия
686 Индексы других классификаций __
2 Код системы rubbks
a Классификационный индекс 86.37я2 ; ст86.37я2
702 Вторичная интеллектуальная ответственность _1
a Фамилия Аверинцев
b Имя С. С.
4 Код отношения Редактор
4 Код отношения 340
801 Источник записи _0
a Страна RU
b Организация Муниципальное бюджетное учреждение культуры "Централизованная библиотечная система" г. Сургут (Центральная городская библиотека им. А. С. Пушкина)
g Правила каталогизации ОБ/Смолякова
801 Источник записи _1
a Страна RU
b Организация Муниципальное бюджетное учреждение культуры "Централизованная библиотечная система" г. Сургут (Центральная городская библиотека им. А. С. Пушкина)
g Правила каталогизации ОБ/Смолякова
852 Данные о местонахождении __
j Шифр хранения 86.37я2
c Каталожный индекс 86.37я2
i Авторский знак Х 93
p Инвентарный номер 72825
901 Тип документа __
t Тип документа m
903 Характеристики (МАРС) __
a Дата передачи 19990723
969 Тип издания __
a Тип издания словарь; энциклопедия
990 Данные о заказе (DOS) 00
j Количество экземпляров (DOS) 1
t N записи в КСУ для И/У (DOS) 199901